[Event "GER-ch Net Amateur Gr-C Vor2"]
[Site "Playchess.com INT"]
[Date "2020.04.15"]
[Round "5"]
[White "Guntermann, Erik"]
[Black "Kullmann, Theo"]
[Result "1-0"]
[WhiteElo "1568"]
[BlackElo "1609"]
[PlyCount "67"]
[EventDate "2020.04.15"]
[EventType "swiss (blitz)"]
[EventRounds "9"]
[EventCountry "GER"]
[SourceTitle "CBM 196 Extra"]
[Source "ChessBase"]
[SourceDate "2020.07.31"]
[SourceVersion "1"]
[SourceVersionDate "2020.07.31"]
[SourceQuality "1"]

1. e4 e5 2. Nf3 Nc6 3. Bc4 Bc5 4. c3 Nf6 5. d4 exd4 6. e5 Ne4 7. Qe2 dxc3 8. Qxe4 cxb2 9. Bxb2 Bb4+ 10. Nc3 0-0 11. a3 Ba5 12. Qh4 Qxh4 13. Nxh4 Re8 14. f4 d6 15. 0-0 dxe5 16. fxe5 Nxe5 17. Ba2 Nd3 18. Bxf7+ Kf8 19. Bxe8+ Kxe8 20. Nd1 Bb6+ 21. Kh1 Bg4 22. Bxg7 Kd7 23. h3 Be2 24. Rf7+ Ke6 25. Rf6+ Ke7 26. Nc3 Nf2+ 27. Kh2 Bd3 28. Nd5+ Kd7 29. Nxb6+ cxb6 30. Rxf2 Be4 31. Rd1+ Bd3 32. Rxd3+ Kc7 33. Rc2+ Kb8 34. Rd8# 1-0

[Event "GER-ch Net Amateur Gr-C Vor2"]
[Site "Playchess.com INT"]
[Date "2020.04.15"]
[Round "6"]
[White "Kullmann, Theo"]
[Black "Schroeder, Jan Hendrik"]
[Result "1-0"]
[WhiteElo "1568"]
[BlackElo "1598"]
[PlyCount "65"]
[EventDate "2020.04.15"]
[EventType "swiss (blitz)"]
[EventRounds "9"]
[EventCountry "GER"]
[SourceTitle "CBM 196 Extra"]
[Source "ChessBase"]
[SourceDate "2020.07.31"]
[SourceVersion "1"]
[SourceVersionDate "2020.07.31"]
[SourceQuality "1"]

1. e4 c5 2. d3 d6 3. Nc3 Nc6 4. g3 g6 5. Bg2 Bg7 6. Nge2 Nf6 7. 0-0 0-0 8. f4 Qb6 9. h3 Bd7 10. Kh2 h6 11. g4 h5 12. g5 Nh7 13. Ng3 f6 14. gxf6 exf6 15. f5 gxf5 16. exf5 Qd8 17. Nxh5 Qc8 18. Qg4 Ng5 19. h4 Bh6 20. hxg5 Bxg5 21. Bxg5 fxg5 22. Qxg5+ Kf7 23. Qg6+ Ke7 24. f6+ Kd8 25. Nd5 Be6 26. Qg7 Rg8 27. Qe7+ Nxe7 28. fxe7+ Kd7 29. Nhf6+ Kc6 30. Nc3+ Kc7 31. Ncd5+ Kb8 32. Nxg8 Bxd5 33. Rf8 1-0